01332nam a2200277Ia 450000500170000000800410001702000150005804100080007310000390008124501360012025000270025626400260028330000420030933600270035133700330037833800280041149000290043952003730046865000300084165000450087165000290091670000290094570000340097404000350100808400110104320220316235319.0121119s2000 ck a gr 000 j spa  a95804260071 aspa1 aSharmat, Marjorie Weinman ,d1928-10aYo, el gran Fercho y la lista perdidacMarjorie Weinman Sharmat ; traducción de Cristina Aparicio ; ilustrraciones de Marc Simont aOctava reimpresión  1aBogotábNormac2000 a55 páginas bilustraciones c19 cm. atextobtxt2rdacontent asin mediaciónbn2rdamedia avolumenbnc2rdacarrier0 aTorre de papel : naranja3 aNate el grande está sentado debajo de un árbol disfrutando de sus vacaciones con el barro, su perro. A continuación, su amigo Claudio viene junto con un caso que tiene que ser resuelto. Claudio ha perdido a su lista de compras y Nate the Great decide ayudar a encontrarla. Ven con él, paso a paso, para resolver el misterioso caso de la lista de desaparecidos!142LEMBaDetectivesvCuentos142LEMBaLiteratura infantil estadounidense142LEMBaCuentos infantiles1 aSimont, Marceilustrador1 aAparicio, Cristinaetraductor aCO-BoRNBPbspaerdacCO-BoRNBP aC SHA3